[Event "European Team Championship"]
[Site "Reykjavik ISL"]
[Date "2015.11.19"]
[EventDate "2015.11.13"]
[Round "6.13"]
[Result "1-0"]
[White "Nico Georgiadis"]
[Black "Mustafa Yilmaz"]
[WhiteElo "2472"]
[BlackElo "2594"]
[PlyCount "115"]

1. d4 Nf6 2. c4 e6 3. g3 c5 4. d5 exd5 5. cxd5 d6 6. Nc3 g6
7. Bg2 Bg7 8. Nf3 O-O 9. O-O Re8 10. Bf4 Na6 11. Re1 Bg4
12. h3 Bf5 13. Nd2 Nh5 14. e4 Nxf4 15. gxf4 Bc8 16. Nc4 Bf8
17. e5 Bf5 18. Nb5 dxe5 19. fxe5 Qg5 20. Qc1 Qxc1 21. Raxc1
Bh6 22. Nbd6 Bxc1 23. Rxc1 b6 24. Nxe8 Rxe8 25. f4 Bd7 26. Nd6
Rd8 27. a3 Kf8 28. Ne4 h6 29. h4 Bf5 30. d6 Nb8 31. b4 Nd7
32. bxc5 Bxe4 33. c6 Bxc6 34. Rxc6 g5 35. Bh3 gxf4 36. Bxd7
Rxd7 37. Kf2 Ke8 38. Kf3 Rb7 39. Rc8+ Kd7 40. Rf8 Kc6 41. Kxf4
b5 42. Rc8+ Kd7 43. Ra8 f6 44. Rf8 Ke6 45. Rxf6+ Kd5 46. Rf8
a5 47. Re8 b4 48. axb4 axb4 49. Re7 Rb8 50. d7 Rd8 51. Ke3 b3
52. Kd3 b2 53. Kc2 Kc4 54. Kxb2 Rg8 55. Re8 Rg2+ 56. Ka3 Rg3+
57. Ka4 Rg1 58. Rc8+ 1-0

[Event "European Team Championship"]
[Site "Reykjavik ISL"]
[Date "2015.11.19"]
[EventDate "2015.11.13"]
[Round "6.14"]
[Result "1-0"]
[White "Johann Hjartarson"]
[Black "Dmitry Svetushkin"]
[WhiteElo "2529"]
[BlackElo "2585"]
[PlyCount "133"]

1. e4 e5 2. Nf3 Nc6 3. Bb5 a6 4. Ba4 Nf6 5. O-O Be7 6. Re1 b5
7. Bb3 d6 8. c3 O-O 9. d4 Bg4 10. d5 Na5 11. Bc2 c6 12. h3 Bc8
13. dxc6 Qc7 14. Nbd2 Qxc6 15. Nf1 Nc4 16. Ng3 Re8 17. a4 Bd7
18. b3 Na5 19. Bd2 Bd8 20. Qe2 Be6 21. axb5 axb5 22. Rab1 h6
23. Nh4 d5 24. exd5 Nxd5 25. Nhf5 Nf6 26. Nh5 Bxf5 27. Bxf5
Bb6 28. Nxf6+ Qxf6 29. Bd3 b4 30. cxb4 Nc6 31. b5 Nd4 32. Qe4
g6 33. Bxh6 Nf5 34. Be3 Nxe3 35. fxe3 Ra2 36. Bc4 Qg5 37. Kh1
Kg7 38. Rbd1 Re7 39. Rd6 Qg3 40. Rf1 f5 41. Qf3 Qxf3 42. Rxf3
Ra1+ 43. Kh2 Bc7 44. Rc6 e4+ 45. Rg3 Bxg3+ 46. Kxg3 Ra8
47. Kf4 Kh6 48. h4 Rb8 49. Be2 Rbe8 50. h5 Rg7 51. b6 Rb8
52. g4 fxg4 53. Bxg4 Rgb7 54. Rxg6+ Kh7 55. Bf5 Kh8 56. Bxe4
Rxb6 57. Rxb6 Rxb6 58. Bd5 Rf6+ 59. Kg5 Rf1 60. e4 Rg1+
61. Kf6 Rf1+ 62. Ke5 Rh1 63. Kd6 Rxh5 64. b4 Rh2 65. b5 Rb2
66. Bc6 Kg7 67. Kc7 1-0

[Event "European Team Championship"]
[Site "Reykjavik ISL"]
[Date "2015.11.19"]
[EventDate "2015.11.13"]
[Round "6.15"]
[Result "1-0"]
[White "Gudmundur Kjartansson"]
[Black "John Arni Nilssen"]
[WhiteElo "2475"]
[BlackElo "2274"]
[PlyCount "115"]

1. c4 e6 2. g3 d5 3. Nf3 c6 4. b3 a5 5. Nc3 d4 6. Na4 c5
7. Bg2 Nc6 8. O-O Nf6 9. e3 Be7 10. exd4 cxd4 11. Qe2 Nd7
12. d3 e5 13. Bd2 O-O 14. Ne1 Re8 15. Nc2 Nf6 16. Bxc6 bxc6
17. Qxe5 c5 18. Bf4 Bf8 19. Qc7 Bg4 20. Qxd8 Raxd8 21. f3 Bf5
22. Rad1 Nd7 23. Kf2 h6 24. g4 Be6 25. Na3 g5 26. Bc7 Rc8
27. Nb5 Ra8 28. Rfe1 Ra6 29. Bg3 Rc6 30. Rd2 Be7 31. Rde2 Nf8
32. Nc7 Rc8 33. Nd5 Ng6 34. Nxe7+ Nxe7 35. Re4 Ng6 36. R1e2
Bd7 37. h3 Rf6 38. Be5 Re6 39. Bh2 Rf6 40. Be5 Re6 41. Bg3 Rf6
42. a3 Nf8 43. f4 gxf4 44. Rxf4 Ra6 45. Rb2 Ng6 46. Rf3 Kg7
47. Ke1 Re6+ 48. Re2 Ra6 49. Ref2 Be6 50. Kd2 Kg8 51. Kc2 Rcc6
52. Re2 Ra7 53. Re4 Ra8 54. Be1 Ne7 55. Re5 Rac8 56. Bxa5 Kg7
57. Bb6 f6 58. Rxc5 1-0

[Event "European Team Championship"]
[Site "Reykjavik ISL"]
[Date "2015.11.19"]
[EventDate "2015.11.13"]
[Round "6.16"]
[Result "0-1"]
[White "Tomas Laurusas"]
[Black "Nderim Saraci"]
[WhiteElo "2435"]
[BlackElo "2215"]
[PlyCount "162"]

1. c4 e6 2. d4 d5 3. Nf3 Nf6 4. Bg5 Be7 5. Nc3 h6 6. Bh4 O-O
7. Qc2 Nbd7 8. e3 c6 9. cxd5 exd5 10. Bd3 Re8 11. Bg3 Nf8
12. O-O Bd6 13. Bh4 Bg4 14. Ne5 Bxe5 15. dxe5 Rxe5 16. h3 Bh5
17. e4 dxe4 18. Nxe4 Bg6 19. Rfe1 Bxe4 20. Bxe4 Qe8 21. Bxf6
gxf6 22. Re3 Rd8 23. Rg3+ Rg5 24. Rf3 Re5 25. Rf4 Kg7 26. Bf5
Ng6 27. Re4 Rxe4 28. Bxe4 Qe5 29. g3 Rd4 30. Re1 Qd6 31. Re2
Rd1+ 32. Kg2 Qd7 33. Qb3 Rd6 34. h4 Ne7 35. Bb1 Re6 36. Qc2
Rxe2 37. Qxe2 Ng6 38. Qe3 b6 39. Be4 Qe6 40. Qd3 Ne5 41. Qb1
Nc4 42. Qc2 c5 43. b3 Nd6 44. Bd3 Qd5+ 45. Kg1 b5 46. Qe2 c4
47. bxc4 bxc4 48. Bc2 f5 49. a4 Ne4 50. g4 Nd2 51. Bxf5 Nf3+
52. Kf1 Nxh4 53. Be4 Qd4 54. Qc2 Ng6 55. f3 Ne5 56. Ke2 c3
57. a5 Qb4 58. a6 Qd4 59. Bf5 Ng6 60. Bxg6 fxg6 61. f4 g5
62. fxg5 Qxg4+ 63. Ke3 Qxg5+ 64. Kf3 Qf6+ 65. Ke3 Qe5+ 66. Kf3
Qd5+ 67. Kg4 Qc4+ 68. Kf3 Qxa6 69. Ke3 Qe6+ 70. Kd4 Qd6+
71. Kc4 Qd2 72. Qe4 c2 73. Qe7+ Kg6 74. Qe6+ Kg5 75. Qe5+ Kh4
76. Qe4+ Kg3 77. Qg6+ Kf2 78. Qf6+ Kg1 79. Qg7+ Kh1 80. Qb7+
Qg2 81. Qb2 Qf1+ 0-1

[Event "European Team Championship"]
[Site "Reykjavik ISL"]
[Date "2015.11.19"]
[EventDate "2015.11.13"]
[Round "6.16"]
[Result "1/2-1/2"]
[White "Avni Ermeni"]
[Black "Mindaugas Beinoras"]
[WhiteElo "2285"]
[BlackElo "2340"]
[PlyCount "97"]

1. d4 d5 2. c4 dxc4 3. Nf3 c6 4. e3 Be6 5. Nbd2 Qa5 6. Ne5 b5
7. a4 Nf6 8. Be2 Nfd7 9. Nf3 Bg4 10. O-O e6 11. Ne4 Be7
12. Bd2 b4 13. Bxc4 O-O 14. Ng3 Bd6 15. h3 Bf5 16. Nxf5 exf5
17. Qb3 Nb6 18. Ne5 Nxc4 19. Nxc4 Qd5 20. Bxb4 Bxb4 21. Qxb4
Na6 22. Qc3 c5 23. Rfd1 Rfc8 24. b3 Nb4 25. a5 Rab8 26. dxc5
Qxc5 27. Rd7 h6 28. Rad1 Rc7 29. Qe5 Qxe5 30. Nxe5 Rbb7
31. Rxc7 Rxc7 32. Rd4 Rb7 33. Kf1 Rb5 34. Nc4 Nc6 35. Rd7 Nxa5
36. Rxa7 Nxb3 37. Nd6 Rd5 38. Ra8+ Kh7 39. Nxf7 Nd2+ 40. Ke2
Ne4 41. f3 Nc3+ 42. Ke1 Rd1+ 43. Kf2 Rd2+ 44. Kg3 Ne2+ 45. Kh4
Ng1 46. g4 Nxf3+ 47. Kg3 fxg4 48. Rh8+ Kg6 49. hxg4 1/2-1/2

[Event "European Team Championship"]
[Site "Reykjavik ISL"]
[Date "2015.11.19"]
[EventDate "2015.11.13"]
[Round "6.17"]
[Result "1-0"]
[White "Mher Hovhanisian"]
[Black "Lars Schandorff"]
[WhiteElo "2495"]
[BlackElo "2519"]
[PlyCount "111"]

1. Nf3 d5 2. g3 Bg4 3. Bg2 Nd7 4. c4 e6 5. O-O Ngf6 6. cxd5
exd5 7. d3 c6 8. Nc3 Be7 9. h3 Bxf3 10. Bxf3 d4 11. Ne4 Nxe4
12. dxe4 Ne5 13. Bg2 O-O 14. b3 Bc5 15. f4 Nd7 16. Bb2 Nf6
17. Kh2 Bb6 18. Qd3 Qe7 19. e5 Ne8 20. a4 a5 21. Rfc1 Nc7
22. Ba3 Qd8 23. Bxf8 Qxf8 24. Be4 g6 25. Qf3 Re8 26. Rf1 f6
27. h4 f5 28. Bd3 Kg7 29. b4 Nd5 30. b5 Rc8 31. bxc6 bxc6
32. Rfb1 Nb4 33. h5 Qf7 34. Rc1 gxh5 35. Bc4 Qg6 36. Kg2 Rc7
37. Rab1 Kf8 38. Rh1 Rg7 39. Rxb4 axb4 40. Rxh5 h6 41. Bd3 Rf7
42. Rxf5 Rxf5 43. g4 Qg8 44. Bxf5 Qc4 45. Bd3 Qe6 46. Kg3 b3
47. Qe4 b2 48. Qf5+ Ke7 49. Qxe6+ Kxe6 50. Bc4+ Kd7 51. Ba2 c5
52. Kf3 c4 53. Ke4 Kc6 54. Bb1 Kc5 55. g5 hxg5 56. fxg5 1-0

[Event "European Team Championship"]
[Site "Reykjavik ISL"]
[Date "2015.11.19"]
[EventDate "2015.11.13"]
[Round "6.17"]
[Result "1-0"]
[White "Mads Andersen"]
[Black "Steven Geirnaert"]
[WhiteElo "2459"]
[BlackElo "2449"]
[PlyCount "143"]

1. d4 Nf6 2. c4 e6 3. Nf3 d5 4. Nc3 Nbd7 5. Bf4 c6 6. e3 Bb4
7. Qc2 Ne4 8. Bd3 f5 9. O-O Ndf6 10. h3 O-O 11. Bh2 Qe8
12. Ne5 Qh5 13. Rae1 Qh4 14. f3 Ng5 15. a3 Bd6 16. cxd5 Nxd5
17. Qd2 f4 18. exf4 Nxf4 19. g3 Nfxh3+ 20. Kg2 Qh5 21. f4 b6
22. fxg5 Bb7 23. g4 Qxg5 24. Qxg5 Nxg5 25. Bc4 b5 26. Ba2 c5+
27. d5 c4 28. Bf4 exd5 29. Bxg5 d4+ 30. Kg1 dxc3 31. bxc3
Rxf1+ 32. Kxf1 Rf8+ 33. Kg1 Re8 34. Bf4 Bxa3 35. Rd1 Bc8
36. Bb1 Bb2 37. Be4 Bxc3 38. Bd5+ Kf8 39. Rf1 Ke7 40. Nc6+ Kd7
41. Bg3 Re3 42. Rf7+ Ke8 43. Bd6 Bf6 44. Rf8+ Kd7 45. Bc5 Re1+
46. Kf2 Bh4+ 47. Kg2 c3 48. Nb8+ Kc7 49. Rf7+ Kd8 50. Nc6+ Ke8
51. Rf8+ Kd7 52. Nb8+ Kc7 53. Rf7+ Kd8 54. Rxa7 Bxg4 55. Nc6+
Kc8 56. Ra8+ Kc7 57. Ra7+ Kc8 58. Ra8+ Kc7 59. Nd4 Bd7
60. Ra7+ Kd8 61. Ra8+ Kc7 62. Ra7+ Kd8 63. Nc6+ Ke8 64. Ra8+
Bc8 65. Rxc8+ Kd7 66. Ra8 c2 67. Ra7+ Kc8 68. Ra8+ Kc7
69. Ra7+ Kc8 70. Bb6 Rg1+ 71. Bxg1 c1=Q 72. Be6# 1-0

[Event "European Team Championship"]
[Site "Reykjavik ISL"]
[Date "2015.11.19"]
[EventDate "2015.11.13"]
[Round "6.17"]
[Result "1/2-1/2"]
[White "Thibaut Vandenbussche"]
[Black "Bjorn Moller Ochsner"]
[WhiteElo "2421"]
[BlackElo "2405"]
[PlyCount "101"]

1. e4 e5 2. Nf3 Nc6 3. Nc3 Nf6 4. Bb5 Bb4 5. O-O O-O 6. d3
Bxc3 7. bxc3 d6 8. c4 Ne7 9. c5 Ng6 10. cxd6 Qxd6 11. h3 c5
12. Bc4 Nh5 13. g3 Nf6 14. Kg2 Qd7 15. Rh1 b5 16. Bb3 Bb7
17. Bg5 Nxe4 18. dxe4 Qxd1 19. Rhxd1 c4 20. Nd2 cxb3 21. cxb3
f5 22. Rac1 Rac8 23. h4 fxe4 24. Kg1 a6 25. h5 Nh8 26. Re1 Nf7
27. Be7 Rfe8 28. Rxc8 Bxc8 29. Rc1 Bg4 30. Rc7 e3 31. fxe3
Bxh5 32. Ne4 Bf3 33. Nd6 Nxd6 34. Bxd6 Re6 35. Bb4 h5 36. Bc3
Be4 37. Rc5 Rg6 38. Bxe5 h4 39. Kh2 hxg3+ 40. Bxg3 Rh6+
41. Kg1 Rh1+ 42. Kf2 Ra1 43. a4 bxa4 44. bxa4 Ra2+ 45. Ke1
Rxa4 46. Kd2 Ra2+ 47. Kc3 Rg2 48. Bf4 Rg6 49. Rc7 Bf3 50. Be5
Rg1 51. Rxg7+ 1/2-1/2

[Event "European Team Championship"]
[Site "Reykjavik ISL"]
[Date "2015.11.19"]
[EventDate "2015.11.13"]
[Round "6.18"]
[Result "1-0"]
[White "Davit Shengelia"]
[Black "Stephen R Burns-Mannion"]
[WhiteElo "2579"]
[BlackElo "2342"]
[PlyCount "143"]

1. d4 d5 2. Nf3 Nf6 3. c4 dxc4 4. e3 e6 5. Bxc4 c5 6. Qe2 a6
7. dxc5 Bxc5 8. O-O Nc6 9. e4 b5 10. Bb3 Nd4 11. Nxd4 Qxd4
12. Be3 Qe5 13. Bxc5 Qxc5 14. Nc3 Bb7 15. Rad1 O-O 16. e5 Ne8
17. Rd3 g6 18. Re1 Ng7 19. Qd2 Rac8 20. g4 h5 21. gxh5 Nxh5
22. Qg5 Kg7 23. Bd1 f6 24. Qh4 Qc4 25. Rd4 Qc6 26. Ne4 fxe5
27. Rd6 Qe8 28. Bxh5 Rf4 29. Qg5 Rf5 30. Qg4 Bxe4 31. Rxe4
Rxh5 32. Rxe6 Rc1+ 33. Kg2 Qf7 34. R6xe5 Rxe5 35. Rxe5 Rc2
36. Qd4 Rc4 37. Qe3 Qb7+ 38. Kg3 Qc7 39. f4 Kf7 40. h4 Qd7
41. h5 gxh5 42. Rxh5 Qd6 43. Rf5+ Kg6 44. Re5 Kf6 45. a3 Rd4
46. Re6+ Qxe6 47. Qxd4+ Kf7 48. Kf3 Qb3+ 49. Kg4 Qe6+ 50. f5
Qe2+ 51. Kf4 Qh2+ 52. Ke4 Qh4+ 53. Kd5 Qd8+ 54. Kc5 Qc7+
55. Kb4 Kg8 56. Qd5+ Kg7 57. Qg2+ Kh8 58. Qa8+ Kh7 59. Qxa6
Qc4+ 60. Ka5 Qa4+ 61. Kb6 Qd4+ 62. Kc6 Qf6+ 63. Kb7 Qg7+
64. Ka8 Qh8+ 65. Ka7 Qd4+ 66. Qb6 Qxb2 67. Qg6+ Kh8 68. Qe8+
Kg7 69. Qe7+ Kh6 70. f6 Qd4+ 71. Ka6 Qa4+ 72. Kb7 1-0

[Event "European Team Championship"]
[Site "Reykjavik ISL"]
[Date "2015.11.20"]
[EventDate "2015.11.13"]
[Round "7.11"]
[Result "1/2-1/2"]
[White "Vladimir Hamitevici"]
[Black "Vladislav Nevednichy"]
[WhiteElo "2430"]
[BlackElo "2569"]
[PlyCount "32"]

1. d4 d5 2. c4 e6 3. Nf3 Nf6 4. g3 Bb4+ 5. Bd2 Be7 6. Bg2 c6
7. Qc2 O-O 8. O-O b6 9. Bf4 Nh5 10. Bc1 Nf6 11. Bf4 Bb7
12. Ne5 Nh5 13. Bc1 Nf6 14. Bf4 Nh5 15. Bc1 Nf6 16. Bf4 Nh5
1/2-1/2

[Event "European Team Championship"]
[Site "Reykjavik ISL"]
[Date "2015.11.20"]
[EventDate "2015.11.13"]
[Round "7.8"]
[Result "1-0"]
[White "Nikola Sedlak"]
[Black "Ante Brkic"]
[WhiteElo "2557"]
[BlackElo "2599"]
[PlyCount "67"]

1. d4 Nf6 2. Nf3 d5 3. Bf4 c5 4. e3 Nc6 5. Nbd2 e6 6. c3 Bd6
7. Bg3 O-O 8. Bd3 b6 9. Ne5 Bb7 10. f4 Rc8 11. Bh4 Be7
12. Bxf6 Bxf6 13. Ndf3 Be7 14. h4 Nxe5 15. Nxe5 f5 16. g4 cxd4
17. exd4 Bxh4+ 18. Kd2 Bf6 19. gxf5 Bxe5 20. fxe5 Qg5+ 21. Kc2
exf5 22. Qf3 g6 23. Rag1 Qe7 24. Bxf5 Qf7 25. Rh5 Kh8 26. Rgg5
gxh5 27. Rxh5 Qg6 28. Bxg6 Rxf3 29. Rxh7+ Kg8 30. Rxb7 Rc6
31. Be8 Rf2+ 32. Kb3 Rh6 33. Ka3 Rhh2 34. Bc6 1-0

[Event "European Team Championship"]
[Site "Reykjavik ISL"]
[Date "2015.11.20"]
[EventDate "2015.11.13"]
[Round "7.15"]
[Result "0-1"]
[White "Aloyzas Kveinys"]
[Black "Johann Hjartarson"]
[WhiteElo "2510"]
[BlackElo "2529"]
[PlyCount "66"]

1. d4 Nf6 2. c4 g6 3. g3 Bg7 4. Bg2 O-O 5. Nc3 d6 6. Nf3 Nbd7
7. O-O e5 8. b3 exd4 9. Nxd4 Re8 10. Bb2 a6 11. e3 Rb8 12. Qd2
Nc5 13. Qc2 c6 14. b4 Ncd7 15. Rad1 Qe7 16. Na4 c5 17. bxc5
dxc5 18. Ba3 Qe5 19. Ne2 Qc7 20. Nf4 b5 21. cxb5 axb5 22. Nc3
b4 23. Ncd5 Nxd5 24. Nxd5 Qa5 25. Bc1 Ba6 26. Rfe1 c4 27. e4
Nc5 28. Bf4 b3 29. axb3 cxb3 30. Qb1 Bd3 31. Bc7 Qxe1+
32. Rxe1 Bxb1 33. Bxb8 Bc2 0-1

[Event "European Team Championship"]
[Site "Reykjavik ISL"]
[Date "2015.11.20"]
[EventDate "2015.11.13"]
[Round "7.17"]
[Result "0-1"]
[White "Bedri Sadiku"]
[Black "Georg Froewis"]
[WhiteElo "2197"]
[BlackElo "2433"]
[PlyCount "46"]

1. Nf3 d5 2. g3 c6 3. Bg2 Nf6 4. O-O Bg4 5. h3 Bxf3 6. Bxf3
Nbd7 7. d3 e6 8. Nd2 Qc7 9. c3 h5 10. Re1 Ne5 11. Bg2 h4
12. d4 hxg3 13. dxe5 Qxe5 14. e3 gxf2+ 15. Kxf2 Bd6 16. Nf1
Ne4+ 17. Bxe4 dxe4 18. Qg4 Rh5 19. Rd1 Rg5 20. Qh4 Qf5+
21. Ke1 Rg1 22. Kd2 Bg3 23. Qg4 Qxg4 0-1

[Event "European Team Championship"]
[Site "Reykjavik ISL"]
[Date "2015.11.20"]
[EventDate "2015.11.13"]
[Round "7.2"]
[Result "0-1"]
[White "Teimour Radjabov"]
[Black "Igor Kovalenko"]
[WhiteElo "2739"]
[BlackElo "2694"]
[PlyCount "76"]

1. e4 e6 2. d4 d5 3. Nc3 Bb4 4. e5 c5 5. a3 Bxc3+ 6. bxc3 Qa5
7. Bd2 Qa4 8. Qb1 c4 9. Nf3 Nc6 10. h4 Bd7 11. h5 h6 12. Be2
O-O-O 13. Nh4 Nge7 14. Qc1 Rdf8 15. Bf4 Qa5 16. Bd2 g5 17. Nf3
f6 18. exf6 Rxf6 19. O-O Qc7 20. Nh2 Nf5 21. Ng4 Rff8 22. Qb2
Nd6 23. Rae1 Ne4 24. Bc1 Be8 25. Ne3 Nf6 26. g4 Ne4 27. Ng2
Rf6 28. Bd1 Rhf8 29. f3 Qg3 30. Be3 Rxf3 31. Bxf3 Rxf3
32. Rxf3 Qxf3 33. Rf1 Qxg4 34. Qa1 Qxh5 35. Rf8 Kd7 36. Qe1
Ke7 37. Rf1 Qh3 38. Bf2 Bh5 0-1

[Event "European Team Championship"]
[Site "Reykjavik ISL"]
[Date "2015.11.20"]
[EventDate "2015.11.13"]
[Round "7.4"]
[Result "0-1"]
[White "Renier Vazquez Igarza"]
[Black "Zoltan Almasi"]
[WhiteElo "2565"]
[BlackElo "2689"]
[PlyCount "58"]

1. d4 Nf6 2. c4 e6 3. Nc3 Bb4 4. Qc2 O-O 5. a3 Bxc3+ 6. Qxc3
d6 7. Nf3 b6 8. g3 Bb7 9. Bg2 a5 10. b3 c5 11. O-O Nbd7
12. Bb2 Qe7 13. Rfd1 Be4 14. b4 Rfc8 15. dxc5 bxc5 16. b5 Nb6
17. a4 d5 18. cxd5 exd5 19. e3 Qb7 20. Nh4 d4 21. exd4 c4
22. d5 Bxg2 23. Nf5 Nbxd5 24. Rxd5 Bxd5 25. Nxg7 Ne4 26. Qd4
Ng5 27. Qf6 Nh3+ 28. Kf1 Bg2+ 29. Ke1 Qe4+ 0-1

[Event "European Team Championship"]
[Site "Reykjavik ISL"]
[Date "2015.11.20"]
[EventDate "2015.11.13"]
[Round "7.4"]
[Result "0-1"]
[White "Ferenc Berkes"]
[Black "Jose Carlos Ibarra Jerez"]
[WhiteElo "2648"]
[BlackElo "2545"]
[PlyCount "66"]

1. Nf3 d5 2. g3 Bg4 3. Bg2 c6 4. c4 e6 5. Qb3 Qb6 6. O-O Nd7
7. d4 Ngf6 8. Nc3 Be7 9. Re1 O-O 10. c5 Qc7 11. Bf4 Qc8
12. Rac1 b6 13. cxb6 axb6 14. e4 dxe4 15. Nxe4 Nd5 16. Bd6
Bxd6 17. Nxd6 Qc7 18. Nxf7 Rxf7 19. Ng5 N7f6 20. Nxf7 Qxf7
21. h3 Bf5 22. g4 Bg6 23. Rxc6 Nf4 24. Rxb6 Rf8 25. Rb7 Qe8
26. Bh1 Qd8 27. d5 N6xd5 28. Qg3 Qa5 29. b4 Qxa2 30. Bf3 Qd2
31. Rd1 Qc2 32. Qh4 Qb3 33. Qg3 Be4 0-1

[Event "European Team Championship"]
[Site "Reykjavik ISL"]
[Date "2015.11.20"]
[EventDate "2015.11.13"]
[Round "7.5"]
[Result "0-1"]
[White "Grzegorz Gajewski"]
[Black "Sergei Movsesian"]
[WhiteElo "2647"]
[BlackElo "2666"]
[PlyCount "62"]

1. d4 d5 2. c4 c6 3. Nf3 Nf6 4. Nc3 a6 5. g3 dxc4 6. a4 e6
7. Bg5 Bb4 8. Bg2 Nbd7 9. O-O a5 10. Nd2 Nb6 11. e3 h6
12. Bxf6 Qxf6 13. f4 O-O 14. Qe2 c5 15. dxc5 Bxc5 16. Kh1 Bd7
17. g4 Qe7 18. g5 hxg5 19. Nde4 g4 20. h3 Nd5 21. Nxc5 Qxc5
22. Ne4 Qb6 23. Rae1 f6 24. Rg1 Rf7 25. Ng3 gxh3 26. Bxh3 Kf8
27. Nh5 Ke7 28. Kh2 Rh8 29. e4 Nb4 30. Rxg7 Rxg7 31. Nxg7 Nd3
0-1

[Event "European Team Championship"]
[Site "Reykjavik ISL"]
[Date "2015.11.20"]
[EventDate "2015.11.13"]
[Round "7.5"]
[Result "1/2-1/2"]
[White "Hrant Melkumyan"]
[Black "Mateusz Bartel"]
[WhiteElo "2632"]
[BlackElo "2624"]
[PlyCount "135"]

1. Nf3 d5 2. d4 c6 3. c4 Nf6 4. cxd5 cxd5 5. Nc3 Nc6 6. Bf4
Bf5 7. e3 e6 8. Qb3 Bb4 9. Ne5 Qa5 10. Nxc6 bxc6 11. a3 Bxc3+
12. Qxc3 Qxc3+ 13. bxc3 Kd7 14. h4 h5 15. c4 Ne8 16. Be2 Nc7
17. O-O Rab8 18. cxd5 exd5 19. Bxc7 Rb2 20. Bf3 Kxc7 21. Rfc1
Bc2 22. a4 a5 23. Ra3 Kb6 24. Bd1 Bxd1 25. Rxd1 Rh6 26. Rdd3
Rb1+ 27. Kh2 Rb4 28. Rdc3 Ka6 29. Ra2 Rg6 30. g3 Re6 31. Kg2
Kb6 32. Kf3 Rf6+ 33. Ke2 Re6 34. Kd3 Rf6 35. Rcc2 Ka6 36. Rcb2
Rb6 37. Rxb6+ Kxb6 38. Rb2+ Kc7 39. Ke2 Re6 40. Rc2 g6 41. Rc5
Kb6 42. Rc1 Kc7 43. Rb1 Re8 44. Kf3 Re6 45. Rb3 Rf6+ 46. Kg2
Re6 47. Rb2 Rd6 48. Rb1 Re6 49. Rc1 Kb6 50. Rf1 Kc7 51. Kf3
Rf6+ 52. Ke2 Re6 53. Kd3 Re8 54. Rb1 Re6 55. Rb2 Re8 56. Rb1
Re6 57. Rc1 Re8 58. Rc5 Kb6 59. Ke2 Re6 60. Kf3 Rf6+ 61. Kg2
Re6 62. Kh3 Rf6 63. Rc2 Rf3 64. Re2 Kc7 65. Rb2 Rf6 66. Kg2
Re6 67. Rb3 Rd6 68. Kf3 1/2-1/2

[Event "European Team Championship"]
[Site "Reykjavik ISL"]
[Date "2015.11.20"]
[EventDate "2015.11.13"]
[Round "7.6"]
[Result "1-0"]
[White "Aryan Tari"]
[Black "Athanasios Mastrovasilis"]
[WhiteElo "2532"]
[BlackElo "2544"]
[PlyCount "85"]

1. d4 d5 2. c4 c6 3. Nf3 Nf6 4. Nc3 e6 5. Bg5 h6 6. Bh4 Be7
7. e3 O-O 8. Qc2 Nbd7 9. Bd3 dxc4 10. Bxc4 Nd5 11. Bxe7 Qxe7
12. O-O Nxc3 13. bxc3 b6 14. a4 Bb7 15. a5 c5 16. Qe2 e5
17. a6 Bxf3 18. Qxf3 cxd4 19. cxd4 exd4 20. exd4 Rac8 21. Rac1
Nf6 22. g3 Rc7 23. Bb5 Rxc1 24. Rxc1 Qb4 25. Bf1 Qxd4 26. Rc7
b5 27. Qe3 Qa1 28. Rxa7 Ng4 29. Qe2 Ne5 30. Rc7 b4 31. Rb7 Nc6
32. Qe4 Qa4 33. Kg2 Nd8 34. Rxb4 Qd7 35. Rd4 Qa7 36. Bd3 g6
37. Rd6 Ne6 38. Rxe6 fxe6 39. Qxg6+ Kh8 40. Qxh6+ Kg8
41. Qxe6+ Kg7 42. Qg6+ Kh8 43. Qh6+ 1-0

[Event "European Team Championship"]
[Site "Reykjavik ISL"]
[Date "2015.11.20"]
[EventDate "2015.11.13"]
[Round "7.6"]
[Result "1/2-1/2"]
[White "Ioannis Nikolaidis"]
[Black "Johan Salomon"]
[WhiteElo "2563"]
[BlackElo "2459"]
[PlyCount "87"]

1. d4 Nf6 2. Nf3 e6 3. c4 d5 4. Nc3 Be7 5. Bg5 O-O 6. e3 h6
7. Bh4 b6 8. Bd3 dxc4 9. Bxc4 Bb7 10. O-O Nbd7 11. Qe2 Ne4
12. Bxe7 Qxe7 13. Ba6 Bxa6 14. Qxa6 Nxc3 15. bxc3 Qd6 16. a4
Nb8 17. Qb5 Nc6 18. Nd2 Na5 19. Nc4 Nxc4 20. Qxc4 a6 21. Rfd1
Rfd8 22. e4 c6 23. g3 b5 24. Qb3 Rab8 25. e5 Qd5 26. Qxd5 Rxd5
27. axb5 axb5 28. f4 c5 29. Rab1 cxd4 30. Rxd4 Rc5 31. c4 b4
32. Kf2 Ra5 33. Ke3 Kf8 34. Rd3 Rc5 35. Rd4 Ra5 36. Rb3 Ke7
37. Rd6 f6 38. Kd4 fxe5+ 39. fxe5 Ra2 40. h4 Rd2+ 41. Kc5 Re2
42. Kd4 Rd2+ 43. Kc5 Re2 44. Kd4 1/2-1/2

[Event "European Team Championship"]
[Site "Reykjavik ISL"]
[Date "2015.11.20"]
[EventDate "2015.11.13"]
[Round "7.7"]
[Result "1-0"]
[White "Daniel Fridman"]
[Black "Viktor Laznicka"]
[WhiteElo "2627"]
[BlackElo "2665"]
[PlyCount "81"]

1. d4 f5 2. g3 Nf6 3. Bg2 g6 4. c4 Bg7 5. Nc3 O-O 6. Nf3 d6
7. O-O c6 8. b3 Na6 9. Bb2 Qc7 10. d5 e5 11. dxe6 Nc5 12. Qc2
Bxe6 13. Ng5 Bd7 14. e3 a5 15. Rad1 Rad8 16. Ne2 Bc8 17. Bd4
h6 18. Nf3 g5 19. Bb2 Rde8 20. Nfd4 Rf7 21. Nc3 Nfe4 22. Rfe1
h5 23. Nf3 h4 24. gxh4 gxh4 25. Ne2 Qe7 26. Nf4 Bxb2 27. Qxb2
Rg7 28. h3 Ne6 29. Kh2 Kf7 30. Nd3 Rxg2+ 31. Kxg2 Rg8+ 32. Kh2
N6g5 33. Ng1 Ne6 34. Nf4 Nxf4 35. exf4 Qf8 36. Nf3 Qh6 37. Qc1
Be6 38. Ng5+ Ke7 39. Qe3 Nxg5 40. fxg5 Rxg5 41. Qd2 1-0

[Event "European Team Championship"]
[Site "Reykjavik ISL"]
[Date "2015.11.20"]
[EventDate "2015.11.13"]
[Round "7.7"]
[Result "1/2-1/2"]
[White "Dennis Wagner"]
[Black "Jiri Stocek"]
[WhiteElo "2575"]
[BlackElo "2557"]
[PlyCount "92"]

1. Nf3 Nf6 2. c4 b6 3. g3 Bb7 4. Bg2 g6 5. O-O Bg7 6. d4 O-O
7. Re1 d6 8. d5 b5 9. Qb3 a6 10. Nd4 Qd7 11. cxb5 axb5
12. Nxb5 c6 13. dxc6 Nxc6 14. N1c3 Rfb8 15. a4 Nd4 16. Nxd4
Bxg2 17. Qd1 Bb7 18. e4 Qh3 19. f3 Nh5 20. Nde2 f5 21. Be3
fxe4 22. fxe4 Nf6 23. Nf4 Qd7 24. Bb6 g5 25. Qb3+ d5 26. Nfxd5
Bxd5 27. exd5 Ng4 28. Re4 Qd6 29. a5 h5 30. Rae1 Rxa5 31. Na4
Rxa4 32. Rxa4 Rxb6 33. Ra8+ Kh7 34. Qd3+ Qg6 35. Qxg6+ Kxg6
36. Rxe7 Bd4+ 37. Kf1 Rxb2 38. d6 Ne3+ 39. Rxe3 Bxe3 40. d7
Bb6 41. Ra6 Rd2 42. Rxb6+ Kf5 43. Rb7 Ke6 44. h4 gxh4 45. gxh4
Rxd7 46. Rxd7 Kxd7 1/2-1/2

[Event "European Team Championship"]
[Site "Reykjavik ISL"]
[Date "2015.11.20"]
[EventDate "2015.11.13"]
[Round "7.8"]
[Result "1-0"]
[White "Milos Perunovic"]
[Black "Hrvoje Stevic"]
[WhiteElo "2624"]
[BlackElo "2604"]
[PlyCount "67"]

1. e4 e5 2. Nf3 Nc6 3. Bb5 a6 4. Ba4 Nf6 5. O-O Be7 6. d3 b5
7. Bb3 d6 8. a3 Na5 9. Ba2 c5 10. Nc3 Be6 11. Bg5 c4 12. Ne2
O-O 13. Ng3 g6 14. h3 cxd3 15. Bxe6 dxc2 16. Bxf7+ Rxf7
17. Qxc2 Qc8 18. Qd1 Qb7 19. Rc1 Kg7 20. Bd2 Nc4 21. Ng5 Raf8
22. Ne6+ Kg8 23. Bh6 Rc8 24. b3 Nxa3 25. Ng5 b4 26. f4 exf4
27. Rxf4 Rc3 28. Ne2 Rxc1 29. Qxc1 Rg7 30. Bxg7 Kxg7 31. Nd4
Qa7 32. Kh1 h6 33. Nde6+ Kh8 34. Rxf6 1-0

[Event "European Team Championship"]
[Site "Reykjavik ISL"]
[Date "2015.11.20"]
[EventDate "2015.11.13"]
[Round "7.8"]
[Result "1-0"]
[White "Nikola Sedlak"]
[Black "Ante Brkic"]
[WhiteElo "2557"]
[BlackElo "2599"]
[PlyCount "65"]

1. d4 Nf6 2. Nf3 d5 3. Bf4 c5 4. e3 Nc6 5. Nbd2 e6 6. c3 Bd6
7. Bg3 O-O 8. Bd3 b6 9. Ne5 Bb7 10. f4 Rc8 11. Bh4 Be7
12. Bxf6 Bxf6 13. Ndf3 Be7 14. h4 Nxe5 15. Nxe5 f5 16. g4 cxd4
17. exd4 Bxh4+ 18. Kd2 Bf6 19. gxf5 Bxe5 20. fxe5 Qg5+ 21. Kc2
exf5 22. Qf3 g6 23. Rag1 Qe7 24. Bxf5 Qf7 25. Rh5 Kh8 26. Rxg6
Qxg6 27. Bxg6 Rxf3 28. Rxh7+ Kg8 29. Rxb7 Rc6 30. Be8 Rf2+
31. Kb3 Rh6 32. Ka3 Rhh2 33. Bc6 1-0